| 000 | 00575nam a2200193 i 4500 | ||
|---|---|---|---|
| 001 | 21560 | ||
| 003 | ES-MaACL | ||
| 005 | 20230906152513.0 | ||
| 007 | t| | ||
| 008 | 021126s1973 sp ||||1| cat d | ||
| 100 | 1 |
_aAlbertí, Santiago. _919350 |
|
| 245 | 1 | 3 |
_aEl republicanisme catalá / _cSantiago Albertí. |
| 250 | _a[1ª ed.]. | ||
| 260 |
_aBarcelona : _bAlberti, _c[1973] |
||
| 300 |
_a530 p. ; _c21 cm. |
||
| 505 | 8 | _aContiene: I: La restauració monarquica (1875-1923) | |
| 740 | 3 | _aLa restauració monarquica (1875-1923) | |
| 852 |
_aES-MaACL _jC-53011 _bR.86235 |
||
| 999 |
_c21560 _d21560 |
||